000 02337cam a22004934i 4500
003 PE-LiUPU
005 20250731173333.0
008 150616s r 000 0 d
035 _a(Sirsi) a423
040 _aPE-LiUPU
_bspa
_cPE-LiUPU
_erda
049 _aPRUA
082 0 4 _a251.07
_bA48
_221
100 1 _aAmaya, Ismael E.,
_eautor.
245 1 3 _aEl periodista evangélico /
_cIsmael E. Amaya.
264 1 _aMissouri :
_bCasa Nazarena de Publicaciones,
_c1970.
300 _a175 páginas ;
_c19 cm
336 _atext
_2rdacontent
337 _aunmediated
_2rdamedia
338 _avolume
_2rdacarrier
504 _aIncluye bibliografía.
505 0 _aEl Génesis del periodismo -- El periodismo moderno -- Origen y desarrollo de la imprenta -- Las escuelas del periodismo -- Origen y desarrollo del periodismo evangélico latinoamericano -- El periodismo, el periodista y el periódico -- El periodista nace, no se hace -- La noticia--el alma del periodismo -- Anatomía de la revista -- Cómo se hace la revista -- El ministerio del escritor -- Las relaciones del escritor con el editor -- Las herramientas del escritor -- El estilo -- Cómo escribir un artículo -- El envío del manuscrito -- El poder de la página impresa.
526 _aSEG42
526 _aSEG41
526 _aSEG40
526 _aSEG39
526 _aP94
526 _aP87
526 _aP86
526 _aP85
526 _aP77
526 _aP76
526 _aP35
650 0 4 _aPeriodismo evangélico.
910 _ajck
_bjvq
_cjck
942 _2ddc
_cBOOK
949 _a251.07 A48
_wDEWEY
_c1
_i16221
_lCCODEBUL1
_mBUL
_p00.00
_r0
_sY
_tBOOK
_u19780928
_xTEOLOGIA
_zUNKNOWN
_0COMPRA
_o.STAFF. Colección General
949 _a251.07 A48
_wDEWEY
_c2
_i06789
_lCCODEBUL1
_mBUL
_p00.00
_r0
_sY
_tBOOK
_u19780928
_xTEOLOGIA
_zUNKNOWN
_0COMPRA
_o.STAFF. Colección General
994 _aC0
_bPEPRU
596 _a1
999 _a251.07 A48
_wDEWEY
_c48438
_i16221
_f2021-11-12
_g5
_lCCODEBUL1
_mBUL
_r0
_sY
_tBOOK
_u2015-6-16
_xTEOLOGIA
_zUNKNOWN
_0COMPRA
_o.STAFF. Colección General
_d48438
999 _a251.07 A48
_wDEWEY
_c2
_i06789
_f2019-12-10
_g4
_lDISCARD
_mBUL
_r1
_sY
_tBOOK
_u2015-6-16
_xTEOLOGIA
_zUNKNOWN
_0COMPRA
_o.STAFF. Colección General
980 _81
_gALBERTO SANCHEZ Responsable de Automatización